|
|
|
|
| LEADER |
00000nab a2200000Ia 4500 |
| 001 |
vtls010708439 |
| 003 |
SK-MaSNL |
| 005 |
20260304194318.0 |
| 008 |
250709|1992 xo |||||||||||||||||slo| |
| 035 |
|
|
|a (urnnbn)urn:nbn:sk:snk:ar-a043kg
|
| 035 |
|
|
|a (uuid)4996438f-74ec-4bbe-8674-3f2359cbcfb3
|
| 035 |
|
|
|a urn:nbn:sk:snk-ab3cal
|
| 040 |
|
|
|a SNKBUCL
|b slo
|c SNKBUCL
|e AACR2
|
| 041 |
0 |
|
|a slo
|
| 044 |
|
|
|a xo
|c SK
|
| 080 |
|
|
|a (44) miestne určenie
|2 2001
|
| 080 |
|
|
|a 796.52
|2 2001
|
| 245 |
0 |
0 |
|a THIERRY RENAULT, J. Plulíková
|
| 650 |
0 |
7 |
|a horolezectvo
|2 SNKPH
|9 1050
|
| 650 |
0 |
7 |
|a profily biografické
|2 SNK
|9 1121453
|
| 651 |
|
7 |
|a Chamonix (Francúzsko)
|2 SNK
|9 1088987
|
| 651 |
|
7 |
|a Alpy (pohorie)
|2 SNKPH
|9 51997
|
| 700 |
1 |
|
|a Plulíková, Jana,
|d 1966-
|4 trl
|9 193267
|
| 773 |
0 |
|
|t Jamesák : odborný, metodický a informačný časopis Slovenského horolezeckého spolku James
|g Roč. 24, č. 1 (1992), s. 9-10
|
| 850 |
|
|
|a Slovenská národná knižnica
|
| 852 |
|
|
|a Slovenská národná knižnica
|
| 954 |
|
|
|a odborná, vedecká literatúra pôvodná (slovenská)
|2 lita
|
| 958 |
|
|
|a article1
|
| 958 |
|
|
|a OND
|
| 958 |
|
|
|a EUIPO
|
| 999 |
|
|
|c 3073549
|d 3075479
|